|
|
|
|
| LEADER |
03143nam a2200745 i 4500 |
| 001 |
nkc20243587077 |
| 003 |
CZ PrNK |
| 005 |
20240307150021.0 |
| 007 |
ta |
| 008 |
240205s2023 xr a f 000 0 cze |
| 015 |
|
|
|a cnb003587077
|
| 020 |
|
|
|a 978-80-86186-30-6
|q (vázáno)
|
| 035 |
|
|
|a (OCoLC)1429252693
|
| 040 |
|
|
|a OLA001
|b cze
|e rda
|
| 043 |
|
|
|a e-xr---
|b e-xr-pg
|2 czenas
|
| 072 |
|
7 |
|a 025
|x Organizace knihoven a knihovních fondů
|2 Konspekt
|9 12
|
| 080 |
|
|
|a 027.54
|2 MRF
|
| 080 |
|
|
|a 021.61
|2 MRF
|
| 080 |
|
|
|a 628.8
|2 MRF
|
| 080 |
|
|
|a 613.155
|2 MRF
|
| 080 |
|
|
|a 025.85
|2 MRF
|
| 080 |
|
|
|a 025.7/.9-021.67
|2 MRF
|
| 080 |
|
|
|a (437.311)
|2 MRF
|
| 080 |
|
|
|a (048.8:082)
|2 MRF
|
| 100 |
1 |
|
|a Vávrová, Petra
|7 js20090112003
|4 aut
|4 pht
|
| 245 |
1 |
0 |
|a Kvalita ovzduší v depozitářích Národní knihovny České republiky, aneb, Prevence poškození knih :
|b odborná monografie /
|c autoři Petra Vávrová, Jitka Neoralová, Jan Francl, Magda Součková, Rebeka Zembjaková, Nikola Šipošová, Ludmila Mašková, Jiří Smolík
|
| 246 |
3 |
0 |
|a Prevence poškození knih
|
| 250 |
|
|
|a 1. vydání
|
| 264 |
|
1 |
|a Praha :
|b Ústav chemických procesů AV ČR,
|c 2023
|
| 300 |
|
|
|a 228 stran :
|b ilustrace (převážně barevné) ;
|c 27 cm
|
| 336 |
|
|
|a text
|b txt
|2 rdacontent
|
| 337 |
|
|
|a bez média
|b n
|2 rdamedia
|
| 338 |
|
|
|a svazek
|b nc
|2 rdacarrier
|
| 504 |
|
|
|a Obsahuje bibliografie a bibliografické odkazy
|
| 610 |
2 |
7 |
|a Národní knihovna (Praha, Česko)
|7 ko2002101546
|2 czenas
|
| 650 |
0 |
7 |
|a národní knihovny
|7 ph123433
|z Česko
|2 czenas
|
| 650 |
0 |
7 |
|a depozitní knihovny
|7 ph222809
|z Česko
|2 czenas
|
| 650 |
0 |
7 |
|a vnitřní prostředí budov
|7 ph127154
|2 czenas
|
| 650 |
0 |
7 |
|a kvalita ovzduší
|7 ph122044
|2 czenas
|
| 650 |
0 |
7 |
|a konzervování knihovních fondů
|7 ph135819
|2 czenas
|
| 650 |
0 |
7 |
|a preventivní péče o knihovní fondy
|7 ph168266
|2 czenas
|
| 650 |
0 |
9 |
|a national libraries
|z Czechia
|2 eczenas
|
| 650 |
0 |
9 |
|a deposit libraries
|z Czechia
|2 eczenas
|
| 650 |
0 |
9 |
|a indoor environment of buildings
|2 eczenas
|
| 650 |
0 |
9 |
|a air quality
|2 eczenas
|
| 650 |
0 |
9 |
|a conservation of library collections
|2 eczenas
|
| 650 |
0 |
9 |
|a preventive care of library collections
|2 eczenas
|
| 651 |
|
7 |
|a Praha (Česko)
|7 ge118011
|2 czenas
|
| 651 |
|
9 |
|a Prague (Czechia)
|2 eczenas
|
| 653 |
0 |
|
|a monitoring klimatických parametrů
|
| 655 |
|
7 |
|a kolektivní monografie
|7 fd501537
|2 czenas
|
| 655 |
|
9 |
|a collective monographs
|2 eczenas
|
| 700 |
1 |
|
|a Neoralová, Jitka
|7 jo20181001620
|4 aut
|4 pht
|
| 700 |
1 |
|
|a Francl, Jan
|7 ola20241216431
|4 aut
|4 pht
|
| 700 |
1 |
|
|a Součková, Magda
|7 js20090420008
|4 aut
|4 pht
|
| 700 |
1 |
|
|a Zembjaková, Rebeka,
|d 1995-
|7 ola20241216459
|4 aut
|4 pht
|
| 700 |
1 |
|
|a Šipošová, Nikola
|7 ola20241216466
|4 aut
|4 pht
|
| 700 |
1 |
|
|a Mašková, Ludmila
|7 ola20241216480
|4 aut
|4 pht
|
| 700 |
1 |
|
|a Smolík, Jiří
|7 xx0128924
|4 aut
|4 pht
|
| 910 |
2 |
|
|a BOA001
|b 3-1521.357
|
| 928 |
9 |
|
|a Akademie věd České republiky, Ústav chemických procesů
|
| 990 |
|
|
|a BK
|
| 995 |
|
|
|a 01
|
| 991 |
|
|
|b 202402
|c NOV
|
| 996 |
6 |
|
|b 2610961289
|c 3-1521.357
|l MZK
|r Sklad / do 1 hodiny
|n 0
|p p.v.
|w 001953840
|u 000010
|a 1
|e BOA001
|j MZK50
|s P
|